000 01029cam a2200289 a 4500
999 _c6449
_d6449
001 1527216
003 OSt
005 20200122121654.0
008 900906s1990 nyu b 001 0 eng
010 _a 90048234
020 _a0415903718
020 _a0415903726 (pbk.)
040 _aDLC
_cDLC
_dDLC
082 0 0 _a205.42
_220
_bWOM 1991
245 0 0 _aWomen's words :
_bthe feminist practice of oral history /
_cedited by Sherna Berger Gluck and Daphne Patai.
260 _aNew York :
_bRoutledge,
_c1991.
300 _avi, 234 p. ;
_c24 cm.
504 _aIncludes bibliographical references index.
650 0 _aWomen
_xHistoriography.
_913265
650 0 _aOral history.
_913266
650 0 _aWomen's studies
_xMethodology.
_913267
700 1 _aGluck, Sherna Berger.
_913268
700 1 _aPatai, Daphne,
_d1943-
_913269
906 _a7
_bcbc
_corignew
_d1
_eocip
_f19
_gy-gencatlg
942 _2ddc
_cO_SHELF